000 00522nam a2200181Ia 4500
005 20250326143555.0
008 250326s9999 xx 000 0 und d
037 _aTextbook
040 _aFMSL
_beng
_cFMSL
041 _aeng
_2eng
084 _aX72.44 M3
_qFMSL
100 _aRanganathan S
245 0 _aCorporate Taxation in India
_cRanganathan S
260 _aNew Delhi
_bNew Delhi, Corporate & Business Policy Research
_c1983
300 _a160p
942 _cTB
_hX72.44 M3
999 _c1300126
_d1300126